Biology Disciplines - Statistics

General Stats
  • This quiz has been taken 51 times
  • The average score is 9 of 14
Answer Stats
Description Answer % Correct
The study of viruses and viral disease Virology
86%
Scientific study of plants Botany
84%
The study of microorganisms Microbiology
84%
The study of the animal kingdom Zoology
84%
The study relating to genes and DNA Genetics
80%
The study of the immune system Immunology
80%
The study of chemical processes within or related to organisms Biochemistry
77%
The study of how organisms interact with the environment Ecology
75%
The study of fungi Mycology
55%
The study of naming, classifying and arranging living things Taxonomy
55%
The study of disease or injury Pathology
50%
The study of life in the universe Astrobiology
39%
Interpreting biological information through computer science Bioinformatics
36%
The study of algae Phycology
23%
No matching quizzes found
Score Distribution
Percent of People with Each Score
Percentile by Number Answered
Your Score History
You have not taken this quiz